Fr. Conceicao Rodrigues College of Engineering

Operating system (Record no. 23385)

MARC details
000 -LEADER
fixed length control field 00292nam a2200145Ia 4500
100 ## - MAIN ENTRY--PERSONAL NAME
Personal name Silberschatz/Abraham/ Galvin/ P.B.
250 ## - EDITION STATEMENT
Edition statement 8
245 ## - TITLE STATEMENT
Title Operating system
260 ## - PUBLICATION, DISTRIBUTION, ETC.
Name of publisher, distributor, etc. Wiley India
Date of publication, distribution, etc. 2010
366 ## - TRADE AVAILABILITY INFORMATION
Publishers's discount category 25
300 ## - PHYSICAL DESCRIPTION
Extent 972
546 ## - LANGUAGE NOTE
Language note ENGLISH
942 ## - ADDED ENTRY ELEMENTS (KOHA)
Koha item type BOOK
Holdings
Withdrawn status Lost status Damaged status Not for loan Collection Home library Current library Date acquired Source of acquisition Cost, normal purchase price Inventory number Total Checkouts Full call number Barcode Date last seen Cost, replacement price Price effective from Koha item type Date due Date last checked out
        CRC Fr. Agnel's C.Rodrigues College of Engineering Fr. Agnel's C.Rodrigues College of Engineering 17/03/2023 Dharma Enterprises 336.75 1467   19879 17/03/2023 449.00   BOOK    
        CRC Fr. Agnel's C.Rodrigues College of Engineering Fr. Agnel's C.Rodrigues College of Engineering 17/03/2023 Dharma Enterprises 336.75 1467 1 19880 20/12/2025 449.00   BOOK 20/03/2026 20/12/2025
        CRC Fr. Agnel's C.Rodrigues College of Engineering Fr. Agnel's C.Rodrigues College of Engineering 17/03/2023 Dharma Enterprises 336.75 1467   19881 17/03/2023 449.00   BOOK    
        CRC Fr. Agnel's C.Rodrigues College of Engineering Fr. Agnel's C.Rodrigues College of Engineering 17/03/2023 Dharma Enterprises 336.75 1467   19882 17/03/2023 449.00   BOOK